000 00918nam a2200265 i 4500
003 DO-SdBNP
005 20230426153927.0
007 ta
008 220601b2017 dr ||||| |||| 00| 0 spa d
020 _a9789945901160
040 _aDO-SdBNP
_bspa
_cBNPHU
_erda
082 4 _aRD863.5
_bP438u
_222
100 1 _aPayano Mendoza, José Ramón,
_d1990-
_981748
245 1 0 _aUn genio en el lugar equivocado /
_cJosé Ramón Payano Mendoza ; prólogo Juana María Then Then
264 _aSanto Domingo :
_bE. B. Delta,
_c2017.
300 _a216 páginas ;
_c21 cm.
336 _2rdacontent
_atexto
_btxt
337 _2rdamedia
_asin mediación
_bn
338 _2rdacarrier
_avolumen
_bnc
500 _aIncluye datos biográficos del autor en las solapas
590 _aInventariado, 2022/BT
700 1 _aThen Then, Juana María,
_eprólogo
_981749
910 _aBtavárez/Validado. Control de calidad MFF
942 _2ddc
_cLBS1
999 _c51877
_d51877